La ciencia del derecho penal y su evolución

Gardado en:
Detalles Bibliográficos
Autor Principal: Sáinz Cantero, José A (Author)
Formato: Libro
Idioma:Lingua castelá
Publicado: Barcelona Bosch 1970
Subjects:
Tags: Engadir etiqueta
Sen Etiquetas, Sexa o primeiro en etiquetar este rexistro!

MARC

LEADER 00000nam a2200000 a 4500
001 UCS0156
003 CL-VaPUC
008 970418e19700000SP |||||||||||||||||spa|d
082 0 4 |a 345.001  |b SAI  |2 21 
100 0 |a Sáinz Cantero, José A  |e author  |9 383307 
245 1 3 |a La ciencia del derecho penal y su evolución 
300 |a 185 p 
942 |c BK 
945 |d 19970418 00:00:00  |a paguirre 
260 |a Barcelona  |b Bosch  |c 1970 
650 7 |a DERECHO PENAL  |2 CL-VaPUC  |9 11 
650 0 |a Ciencias del derecho  |9 380726 
650 0 |a Códigos  |9 352314 
650 0 |a Criminología  |9 256168 
651 0 |a España  |9 254926 
583 |a last modification  |c 19970418 00:00:00  |k Rodrigo Vera 
999 |c 258399  |d 258397 
952 |0 0  |1 0  |4 0  |6 345_001000000000000_SAI_1970  |7 0  |8 A  |9 282464  |a BIBDER  |b BIBDER  |d 2019-11-19  |i 1831054  |l 1  |o 345.001 SAI 1970  |p 1831054  |r 2023-10-26  |s 2023-10-23  |w 2019-11-19  |y BK  |k DER